[Event "World Open: 5-Day"]
[Site "Philadelphia, PA"]
[Date "2003.07.03"]
[Round "3"]
[White "Georgiev, Vladimir"]
[Black "Bereolos, Peter J"]
[Result "1-0"]
[WhiteElo "2509"]
[BlackElo "2327"]
[PlyCount "65"]
[EventDate "2003.??.??"]

1. c4 g6 2. Nc3 Bg7 3. d4 Nf6 4. e4 d6 5. Bd3 c5 6. d5 e6 7. Nge2 exd5 8. cxd5
O-O 9. Bg5 a6 10. a4 Nbd7 11. O-O Qc7 12. h3 Ne5 13. Bc2 Rb8 14. f4 Nc4 15. Qc1
b5 16. axb5 axb5 17. b3 Na5 18. f5 b4 19. e5 bxc3 20. Bxf6 Nxb3 21. Bxb3 Rxb3
22. Bxg7 Kxg7 23. f6+ Kh8 24. Qh6 Rg8 25. e6 c2 26. Ra8 Rb7 27. e7 Qd7 28. Nc3
Rb4 29. Re1 g5 30. e8=Q Qxe8 31. Qg7+ Rxg7 32. Rxe8+ Rg8 33. Rxg8+ 1-0

[Event "World Open: 5-Day"]
[Site "Philadelphia, PA"]
[Date "2003.07.03"]
[Round "3"]
[White "Blocker, Calvin"]
[Black "Shibut, Macon A"]
[Result "1/2-1/2"]
[WhiteElo "2490"]
[BlackElo "2301"]
[PlyCount "50"]
[EventDate "2003.??.??"]

1. e4 d6 2. d4 g6 3. Nc3 Nf6 4. Nf3 Bg7 5. h3 a6 6. a4 O-O 7. a5 Nc6 8. d5 Ne5
9. Be2 e6 10. O-O Nxf3+ 11. Bxf3 exd5 12. Nxd5 Nxd5 13. Qxd5 Rb8 14. c3 Bd7 15.
Re1 Bc6 16. Qd3 Qh4 17. Be3 Rbe8 18. Bd4 Be5 19. Rad1 f5 20. Bxe5 Rxe5 21. exf5
Bxf3 22. Rxe5 Bxd1 23. Re4 Qf6 24. Qxd1 Qxf5 25. Re2 Rf7 1/2-1/2

[Event "World Open: 5-Day"]
[Site "Philadelphia, PA"]
[Date "2003.07.03"]
[Round "3"]
[White "Bonin, Jay R"]
[Black "Boor, Carl B"]
[Result "1-0"]
[WhiteElo "2440"]
[BlackElo "2242"]
[PlyCount "43"]
[EventDate "2003.??.??"]

1. d4 d5 2. Bg5 f6 3. Bh4 Nh6 4. f3 c5 5. c3 cxd4 6. cxd4 Nf5 7. Bf2 e5 8. e3
Bb4+ 9. Nc3 exd4 10. exd4 O-O 11. Bd3 Re8+ 12. Nge2 Nc6 13. O-O Ne3 14. Bxe3
Rxe3 15. Nf4 Nxd4 16. Ncxd5 Qd6 17. Nxe3 Qxf4 18. Nd5 Qd6 19. Nxb4 Qxb4 20. Qe1
Qa4 21. b3 Qd7 22. Rd1 1-0

[Event "World Open: 5-Day"]
[Site "Philadelphia, PA"]
[Date "2003.07.03"]
[Round "3"]
[White "Duncan, Jason T"]
[Black "Milman, Lev"]
[Result "0-1"]
[WhiteElo "2023"]
[BlackElo "2414"]
[PlyCount "84"]
[EventDate "2003.??.??"]

1. e4 c5 2. Nf3 g6 3. d3 Nc6 4. g3 Bg7 5. Bg2 Nf6 6. O-O d6 7. c3 O-O 8. Re1 e5
9. a4 a6 10. Nbd2 Rb8 11. Nc4 b5 12. axb5 axb5 13. Ne3 h6 14. h4 Be6 15. d4
exd4 16. cxd4 Bg4 17. Nxg4 Nxg4 18. Bf4 cxd4 19. Ra6 Qd7 20. Bh3 h5 21. e5 dxe5
22. Nxe5 Ncxe5 23. Bxe5 Bxe5 24. Bxg4 Qxg4 25. Qxg4 hxg4 26. Rxe5 Rfd8 27. Ra1
d3 28. Rd1 Rd4 29. f3 Rc8 30. fxg4 Rb4 31. Rxd3 Rxb2 32. Re1 Rcc2 33. g5 b4 34.
Rf3 b3 35. Rfe3 Kg7 36. Rf3 Rg2+ 37. Kh1 Rh2+ 38. Kg1 Rbg2+ 39. Kf1 b2 40. Rb3
Rc2 41. Kg1 Rhg2+ 42. Kh1 Rge2 0-1

[Event "World Open: 5-Day"]
[Site "Philadelphia, PA"]
[Date "2003.07.03"]
[Round "2"]
[White "Shabalov, Alexander"]
[Black "Karklins, Andrew"]
[Result "1-0"]
[WhiteElo "2644"]
[BlackElo "2321"]
[PlyCount "137"]
[EventDate "2003.??.??"]

1. e4 c5 2. Nf3 Nc6 3. d4 cxd4 4. Nxd4 g6 5. c4 Bg7 6. Be3 Nf6 7. Nc3 O-O 8.
Be2 b6 9. O-O Bb7 10. Nxc6 Bxc6 11. f3 d6 12. Qd2 a6 13. Rfd1 Nd7 14. Rac1 b5
15. cxb5 axb5 16. b4 Qb8 17. Rc2 Nf6 18. Rdc1 Bd7 19. Bd3 Rc8 20. Qe2 Ra3 21.
Nb1 Rxc2 22. Qxc2 Ra8 23. Nc3 Ra3 24. Qd2 h5 25. Rc2 Kh7 26. h3 Ne8 27. Nd5 Nf6
28. Nc3 Ng8 29. Bf1 Ra8 30. Nd5 Ra6 31. Qc1 e6 32. Nc3 Ra8 33. Qd2 Ne7 34. Kh1
Be8 35. Bg5 Nc8 36. f4 Qb7 37. Bd3 Ra3 38. Qc1 Ra8 39. f5 Be5 40. fxe6 fxe6 41.
Nd5 Qf7 42. Rc7 Bd7 43. Bxb5 Ra7 44. Rxd7 Rxd7 45. Bxd7 Qxd7 46. Qc7 Qg7 47.
Qxg7+ Kxg7 48. Nc7 Kf7 49. Bd8 Bc3 50. b5 Bd4 51. Na6 d5 52. exd5 exd5 53. g3
Nd6 54. b6 Nb7 55. Bc7 Bc3 56. Kg2 Ke6 57. Kf3 Ba5 58. Ke3 Be1 59. Ke2 Ba5 60.
Kf3 Be1 61. Bf4 Ba5 62. Nc7+ Kd7 63. Nxd5 Ke6 64. Ke4 Be1 65. Bc7 Bf2 66. Nf4+
Kf6 67. Nd3 Bg1 68. Kd5 Na5 69. Ne5 1-0

[Event "World Open: 5-Day"]
[Site "Philadelphia, PA"]
[Date "2003.07.03"]
[Round "2"]
[White "Kiriakov, Peter"]
[Black "Tsyganov, Igor M"]
[Result "1/2-1/2"]
[WhiteElo "2603"]
[BlackElo "2219"]
[PlyCount "83"]
[EventDate "2003.??.??"]

1. d4 Nf6 2. c4 e6 3. Nc3 Bb4 4. Qc2 c5 5. dxc5 Bxc5 6. Nf3 a6 7. Bg5 Be7 8. e4
d6 9. Be2 Qc7 10. O-O Nbd7 11. Rfd1 b6 12. b4 Bb7 13. Rd2 O-O 14. Rad1 Rfd8 15.
a3 Rac8 16. Rc1 h6 17. Bf4 Qb8 18. Qb1 b5 19. cxb5 Rxc3 20. Rxc3 Nxe4 21. Re3
Nxd2 22. Nxd2 axb5 23. Rg3 Kh8 24. Rh3 Bf8 25. Ne4 Bxe4 26. Qxe4 d5 27. Bxb8
dxe4 28. Bf4 e5 29. Be3 Rb8 30. g4 Kg8 31. Bd2 Nf6 32. Re3 Bd6 33. h4 Nd5 34.
Rxe4 Ra8 35. Bxb5 Rxa3 36. Rc4 Ra2 37. Rc8+ Bf8 38. Be3 Nxe3 39. fxe3 Rb2 40.
Bc4 Rxb4 41. h5 Rb6 42. Kg2 1/2-1/2

[Event "World Open: 5-Day"]
[Site "Philadelphia, PA"]
[Date "2003.07.03"]
[Round "2"]
[White "Jonkman, Harmen"]
[Black "Small, Gregg H"]
[Result "1-0"]
[WhiteElo "2481"]
[BlackElo "2256"]
[PlyCount "119"]
[EventDate "2003.??.??"]

1. e4 c5 2. c3 d5 3. exd5 Qxd5 4. d4 Nf6 5. Nf3 Bg4 6. dxc5 Qxc5 7. Na3 Nbd7 8.
Be3 Qc8 9. h3 Be6 10. c4 Bf5 11. Nb5 a6 12. Nbd4 Be4 13. a3 e5 14. Nb3 Be7 15.
Be2 O-O 16. O-O Bxf3 17. Bxf3 Qxc4 18. Na5 Qb5 19. b4 e4 20. Be2 Qe5 21. Nxb7
Nd5 22. Qd2 Nxe3 23. Qxe3 Bg5 24. Qb3 e3 25. fxe3 Bxe3+ 26. Kh1 Bb6 27. Bg4 Bc7
28. g3 Nf6 29. Rac1 Nxg4 30. hxg4 Qxg3 31. Qxg3 Bxg3 32. Rc6 Rfb8 33. Nc5 a5
34. Kg2 Bh4 35. Na6 Rb7 36. Rfc1 g6 37. b5 Bg5 38. Rc8+ Rxc8 39. Rxc8+ Kg7 40.
a4 Be3 41. Kf3 Re7 42. Nc7 Bg1 43. g5 Re5 44. Ne8+ Kf8 45. Nf6+ Ke7 46. Nxh7
Bd4 47. Rc7+ Kd8 48. Rc6 Ke7 49. Ra6 Bc3 50. Ra7+ Ke6 51. b6 Re1 52. Nf8+ Kf5
53. b7 Rf1+ 54. Ke2 Rb1 55. Nd7 Be5 56. Rxa5 Rxb7 57. Rxe5+ Kf4 58. Rd5 Rb2+
59. Kd3 Rb3+ 60. Kc4 1-0

[Event "World Open: 5-Day"]
[Site "Philadelphia, PA"]
[Date "2003.07.03"]
[Round "2"]
[White "Bonin, Jay R"]
[Black "Hanken, Jerome B"]
[Result "1-0"]
[WhiteElo "2440"]
[BlackElo "2200"]
[PlyCount "73"]
[EventDate "2003.??.??"]

1. d4 c5 2. d5 e5 3. e4 d6 4. Bb5+ Nd7 5. a4 Be7 6. Nf3 Ngf6 7. Nc3 O-O 8. O-O
a6 9. Be2 b6 10. Nd2 Ne8 11. Nc4 Bg5 12. Bg4 Bxc1 13. Qxc1 Rb8 14. f4 b5 15.
axb5 axb5 16. Na5 Qh4 17. Bxd7 Bxd7 18. Nc6 Bxc6 19. dxc6 Rb6 20. Nd5 Rxc6 21.
Ra8 Kh8 22. fxe5 Qxe4 23. Rxf7 Rg8 24. Ne7 Rc7 25. Nxg8 Qxa8 26. Rf8 Rf7 27.
Rxf7 Kxg8 28. Qf1 Nf6 29. Rxg7+ Kxg7 30. Qxf6+ Kg8 31. exd6 Qd5 32. h3 Qd1+ 33.
Kh2 Qd2 34. h4 c4 35. Qe6+ Kf8 36. d7 Qf4+ 37. Kh3 1-0

[Event "World Open: 5-Day"]
[Site "?"]
[Date "2003.07.03"]
[Round "4"]
[White "Finegold, Benjamin"]
[Black "Gershov, Yevgeniy"]
[Result "1/2-1/2"]
[WhiteElo "2631"]
[BlackElo "2349"]
[PlyCount "107"]
[EventDate "2003.07.03"]

1. d4 Nf6 2. c4 c5 3. d5 b5 4. Nf3 g6 5. Qc2 bxc4 6. e4 d6 7. Bxc4 Bg7 8. O-O
O-O 9. Re1 Nfd7 10. Bf4 Nb6 11. Nbd2 Ba6 12. Rab1 Nxc4 13. Nxc4 Bxc4 14. Qxc4
Nd7 15. Qe2 Qa5 16. b3 Rfe8 17. h4 h5 18. Qc2 Qc3 19. Qxc3 Bxc3 20. Re3 Bf6 21.
Rc1 Rec8 22. e5 dxe5 23. Bxe5 Nxe5 24. Nxe5 Bxe5 25. Rxe5 Rc7 26. Rc4 Rd8 27.
b4 f6 28. d6 Rxd6 29. Rexc5 Rxc5 30. Rxc5 Ra6 31. Rc2 Ra4 32. Rb2 Kf7 33. g3
Ke6 34. b5 Kd5 35. b6 axb6 36. Rxb6 Rxa2 37. Kg2 Rd2 38. Kf3 Ke5 39. Ke3 Rd6
40. Rb7 Ke6 41. Ra7 Rd7 42. Ra6+ Kf5 43. Ra4 e5 44. Ra6 Rb7 45. Kf3 g5 46. hxg5
Kxg5 47. Ra8 Rh7 48. Ke4 Kg6 49. Rg8+ Rg7 50. Rh8 Ra7 51. Rg8+ Kf7 52. Rh8 Ra2
53. f4 exf4 54. Kxf4 1/2-1/2

[Event "World Open: 7-Day"]
[Site "Philadelphia, PA"]
[Date "2003.07.03"]
[Round "4"]
[White "Sadvakasov, Darmen"]
[Black "Ziatdinov, Rashid"]
[Result "1-0"]
[WhiteElo "2595"]
[BlackElo "2476"]
[PlyCount "47"]
[EventDate "2003.??.??"]

1. e4 e5 2. Nf3 Nc6 3. d4 exd4 4. Nxd4 Nf6 5. Nxc6 bxc6 6. e5 Qe7 7. Qe2 Nd5 8.
c4 Nb6 9. Nc3 Qe6 10. Qe4 Bb4 11. Bd2 Bxc3 12. Bxc3 d5 13. cxd5 cxd5 14. Qb4
Nd7 15. Bb5 Ba6 16. Ba4 O-O-O 17. O-O-O Nxe5 18. Rhe1 Qh6+ 19. Kb1 Qg6+ 20. Bc2
Nd3 21. Qa3 c5 22. Ba5 c4 23. Qc5+ Kb8 24. Re7 1-0

[Event "World Open: 5-Day"]
[Site "Philadelphia, PA"]
[Date "2003.07.03"]
[Round "3"]
[White "Annakov, Babakouly"]
[Black "Goletiani, Rusudan"]
[Result "1-0"]
[WhiteElo "2527"]
[BlackElo "2341"]
[PlyCount "45"]
[EventDate "2003.??.??"]

1. d4 Nf6 2. c4 e6 3. Nc3 c5 4. d5 exd5 5. cxd5 Bd6 6. Nf3 Bc7 7. e4 d6 8. h3
O-O 9. Bd3 Ba5 10. O-O Bxc3 11. bxc3 b5 12. Re1 Re8 13. Bf4 c4 14. Bc2 Na6 15.
Nd4 Nc5 16. Qf3 a6 17. Rad1 Qc7 18. Nc6 Ncd7 19. g4 Ne5 20. Bxe5 dxe5 21. g5
Nd7 22. Ne7+ Rxe7 23. d6 1-0

[Event "World Open: 5-Day"]
[Site "Philadelphia, PA"]
[Date "2003.07.03"]
[Round "3"]
[White "Yoshiharu, Habu"]
[Black "Paschall, William"]
[Result "1/2-1/2"]
[WhiteElo "2351"]
[BlackElo "2494"]
[PlyCount "57"]
[EventDate "2003.??.??"]

1. e4 d5 2. exd5 Nf6 3. Nf3 Nxd5 4. d4 g6 5. c4 Nb6 6. Nc3 Bg7 7. h3 O-O 8. Be2
Nc6 9. Be3 e5 10. d5 Ne7 11. O-O h6 12. Qd2 Nf5 13. Rad1 e4 14. Nxe4 Re8 15.
Nc3 Nxe3 16. fxe3 Qe7 17. e4 Qc5+ 18. Kh1 Nxc4 19. Bxc4 Qxc4 20. Qf4 f5 21. Qg3
g5 22. exf5 Bxf5 23. Nxg5 Rf8 24. Ne6 Bxe6 25. Rxf8+ Rxf8 26. dxe6 Qxe6 27.
Qxc7 Qc6 28. Qxc6 bxc6 29. Kg1 1/2-1/2

[Event "World Open: 5-Day"]
[Site "Philadelphia, PA"]
[Date "2003.07.03"]
[Round "3"]
[White "Benen, Samson"]
[Black "Jonkman, Harmen"]
[Result "0-1"]
[WhiteElo "2324"]
[BlackElo "2481"]
[PlyCount "76"]
[EventDate "2003.??.??"]

1. d4 d5 2. Nf3 Nf6 3. c4 dxc4 4. e3 e6 5. Bxc4 a6 6. O-O b5 7. Be2 Nbd7 8. a4
b4 9. Nbd2 c5 10. Nc4 Bb7 11. Nfe5 Qc7 12. Bf3 Be7 13. Nxd7 Nxd7 14. d5 exd5
15. Bxd5 Bxd5 16. Qxd5 Rd8 17. b3 O-O 18. Bb2 Bf6 19. Rac1 Nb6 20. Qf5 Bxb2 21.
Nxb2 Rd5 22. Qe4 a5 23. Nc4 Rh5 24. g3 Nd5 25. Qf3 g6 26. Rcd1 Nc3 27. Rd6 Rd8
28. Qc6 Qe7 29. h4 Rd5 30. Rxd5 Rxd5 31. Nxa5 Qe4 32. Qc8+ Kg7 33. Qh3 Qd3 34.
Qg2 Ne4 35. Rc1 Rf5 36. Rf1 Nd2 37. Rc1 Qe2 38. Nb7 Nxb3 0-1

[Event "World Open: 5-Day"]
[Site "Philadelphia, PA"]
[Date "2003.07.03"]
[Round "3"]
[White "Ippolito, Dean J"]
[Black "Morshedi, Ali"]
[Result "0-1"]
[WhiteElo "2435"]
[BlackElo "2170"]
[PlyCount "76"]
[EventDate "2003.??.??"]

1. d4 Nf6 2. c4 g6 3. Nf3 Bg7 4. g3 c5 5. Bg2 Qa5+ 6. Nc3 Nc6 7. d5 Ne4 8. dxc6
Nxc3 9. Qd2 Qb4 10. O-O Ne4 11. Qd3 Nd6 12. Bf4 dxc6 13. Bxd6 exd6 14. Qxd6
Qxb2 15. Rad1 Qf6 16. Qxc5 Qe7 17. Rd6 O-O 18. Rxc6 Qxe2 19. Rc7 Bg4 20. Ng5 h6
21. Nxf7 Rxf7 22. Bd5 Be6 23. Rxf7 Bxf7 24. Bxf7+ Kxf7 25. Qd5+ Kf8 26. Qxb7
Rd8 27. c5 Qe7 28. Qc6 Kf7 29. Rb1 Rd7 30. h4 Rc7 31. Qd5+ Qe6 32. Qd8 Rd7 33.
Qa8 Bd4 34. h5 Bxf2+ 35. Kxf2 Qf5+ 36. Qf3 Rd2+ 37. Ke1 Qxf3 38. hxg6+ Kxg6 0-1

[Event "World Open: 5-Day"]
[Site "Philadelphia, PA"]
[Date "2003.07.03"]
[Round "3"]
[White "Mucerino, Joseph J"]
[Black "Zaremba, Andrei A"]
[Result "1/2-1/2"]
[WhiteElo "1997"]
[BlackElo "2387"]
[PlyCount "37"]
[EventDate "2003.??.??"]

1. d4 Nf6 2. Nf3 d5 3. e3 c5 4. c3 e6 5. Nbd2 Be7 6. Bd3 Nc6 7. O-O Qc7 8. dxc5
Bxc5 9. e4 O-O 10. Qe2 Bd6 11. Re1 dxe4 12. Nxe4 Nxe4 13. Qxe4 f5 14. Qh4 e5
15. Bc4+ Kh8 16. Ng5 h6 17. Qh5 f4 18. Nf7+ Kh7 19. Ng5+ 1/2-1/2

[Event "World Open: 5-Day"]
[Site "Philadelphia, PA"]
[Date "2003.07.03"]
[Round "3"]
[White "Mac Intyre, Paul"]
[Black "Kiewra, Keaton F"]
[Result "0-1"]
[WhiteElo "2334"]
[BlackElo "2156"]
[PlyCount "74"]
[EventDate "2003.??.??"]

1. e4 c5 2. Nf3 d6 3. d4 Nf6 4. Nc3 cxd4 5. Nxd4 g6 6. Be3 Bg7 7. f3 Nc6 8. Qd2
O-O 9. Bc4 Bd7 10. h4 Rb8 11. h5 Nxd4 12. Bxd4 b5 13. Bb3 a5 14. hxg6 hxg6 15.
Bxf6 exf6 16. Qxd6 a4 17. Bd5 b4 18. Ne2 Rb6 19. Qh2 Re8 20. O-O-O f5 21. Nd4
Qf6 22. Qh4 g5 23. Qh5 Rd6 24. c4 bxc3 25. bxc3 Qe7 26. Qh7+ Kf8 27. Nxf5 Bxf5
28. Qxf5 Rf6 29. Qxg5 Qa3+ 30. Kc2 Rc6 31. Rd3 Rxc3+ 32. Rxc3 Qxc3+ 33. Kd1 Rb8
34. Qf4 Rb1+ 35. Ke2 Qb2+ 36. Kd3 Qd4+ 37. Ke2 Rb2+ 0-1

[Event "World Open: 5-Day"]
[Site "Philadelphia, PA"]
[Date "2003.07.03"]
[Round "3"]
[White "Weeramantry, Sunil"]
[Black "Kiriakov, Peter"]
[Result "0-1"]
[WhiteElo "2215"]
[BlackElo "2603"]
[PlyCount "60"]
[EventDate "2003.??.??"]

1. e4 d5 2. exd5 Nf6 3. d4 Nxd5 4. Nf3 g6 5. Be2 Bg7 6. O-O O-O 7. c4 Nb6 8. h3
Nc6 9. Be3 e5 10. d5 Ne7 11. Nc3 Nf5 12. Qd2 Re8 13. Rfd1 Nd7 14. c5 e4 15. Nh2
Nxe3 16. Qxe3 b6 17. c6 Nc5 18. Rac1 a5 19. b3 h5 20. Nb5 Be5 21. Nf1 Ba6 22.
Nd2 f5 23. Qh6 Qf6 24. d6 Bxb5 25. Bxb5 Bxd6 26. Bc4+ Ne6 27. a4 Re7 28. Qe3
Kh7 29. Bxe6 Qxe6 30. Nc4 Bc5 0-1

[Event "World Open: 5-Day"]
[Site "Philadelphia, PA"]
[Date "2003.07.03"]
[Round "3"]
[White "Small, Gregg H"]
[Black "Kelleher, Jeff"]
[Result "1-0"]
[WhiteElo "2256"]
[BlackElo "2084"]
[PlyCount "83"]
[EventDate "2003.??.??"]

1. e4 c5 2. Nc3 Nc6 3. Nf3 Nf6 4. d4 cxd4 5. Nxd4 e5 6. Ndb5 d6 7. Bg5 a6 8.
Na3 b5 9. Nd5 Qa5+ 10. Bd2 Qd8 11. Nxf6+ Qxf6 12. c4 Qg6 13. f3 Be7 14. Be3 b4
15. Nc2 f5 16. Qd5 Bd7 17. c5 dxc5 18. Bxc5 Qe6 19. Bxe7 Kxe7 20. Qc5+ Qd6 21.
Qxd6+ Kxd6 22. O-O-O+ Ke7 23. exf5 Rhc8 24. Kb1 Bxf5 25. Bd3 Bxd3 26. Rxd3 Rd8
27. Rhd1 Rxd3 28. Rxd3 Rd8 29. Rxd8 Kxd8 30. Kc1 Kc7 31. Kd2 Kd6 32. Kd3 Kc5
33. Ke4 a5 34. b3 a4 35. bxa4 Kc4 36. Ne3+ Kc3 37. Kd5 Nb8 38. Kc5 Kd3 39. Ng4
Ke2 40. Nxe5 Kf2 41. g4 Ke3 42. Kb6 1-0

[Event "World Open: 5-Day"]
[Site "Philadelphia, PA"]
[Date "2003.07.03"]
[Round "2"]
[White "Dejmek, Mark W"]
[Black "William Morrison"]
[Result "0-1"]
[WhiteElo "2185"]
[BlackElo "2384"]
[PlyCount "72"]
[EventDate "2003.??.??"]

1. e4 e5 2. Nf3 Nc6 3. Bb5 a6 4. Ba4 Nf6 5. O-O Be7 6. Re1 b5 7. Bb3 O-O 8. c3
d6 9. h3 Nb8 10. d4 Nbd7 11. Nbd2 Bb7 12. Bc2 Re8 13. b4 Bf8 14. a4 Nb6 15. a5
Nbd7 16. Bb2 Rb8 17. Bd3 Ba8 18. Qc2 g6 19. Nf1 d5 20. exd5 exd4 21. Rxe8 Qxe8
22. Re1 Qd8 23. Nxd4 Nxd5 24. Nh2 c5 25. Ndf3 Rc8 26. c4 cxb4 27. Qb3 Nc5 28.
Qd1 Nxd3 29. Qxd3 bxc4 30. Qd1 c3 31. Bc1 Bg7 32. Ng4 c2 33. Qe2 Qf8 34. Qxa6
Nc7 35. Qd3 Ne6 36. Nge5 Rc3 0-1

[Event "World Open: 5-Day"]
[Site "Philadelphia, PA"]
[Date "2003.07.03"]
[Round "2"]
[White "Beckman, Thomas J"]
[Black "Yoshiharu, Habu"]
[Result "0-1"]
[WhiteElo "2040"]
[BlackElo "2351"]
[PlyCount "52"]
[EventDate "2003.??.??"]

1. d4 Nf6 2. Nf3 g6 3. g3 Bg7 4. Bg2 d6 5. O-O O-O 6. c4 Nc6 7. Nbd2 e5 8. d5
Ne7 9. e4 c6 10. b3 cxd5 11. cxd5 b6 12. Ba3 a5 13. Rc1 Ne8 14. Re1 b5 15. h3
Bd7 16. Rc2 Nc8 17. Kh2 Nb6 18. Ng1 b4 19. Bc1 Nc7 20. Bf1 Nb5 21. Bxb5 Bxb5
22. Nf1 f5 23. f4 fxe4 24. Rxe4 Rc8 25. Rxc8 Qxc8 26. Ne3 Qc3 {
black won; score cannot be read} 0-1

[Event "World Open: 5-Day"]
[Site "?"]
[Date "2003.07.04"]
[Round "4"]
[White "Kiriakov, Peter"]
[Black "Rouleau, John S"]
[Result "1-0"]
[WhiteElo "2603"]
[BlackElo "2304"]
[PlyCount "45"]
[EventDate "2003.07.03"]

1. d4 e6 2. c4 c5 3. d5 exd5 4. cxd5 d6 5. Nc3 Be7 6. e4 Bf6 7. Nf3 Ne7 8. Bf4
Ng6 9. Bg3 a6 10. Qa4+ Bd7 11. Qb3 Qc7 12. a4 O-O 13. Nd2 Re8 14. Be2 Bd4 15.
Nc4 Ne5 16. Qb6 Qxb6 17. Nxb6 Ra7 18. f4 Ng6 19. Nc4 Bxc3+ 20. bxc3 Rxe4 21.
Nxd6 Re7 22. Kf2 b6 23. Rhb1 1-0

[Event "World Open: 3-Day"]
[Site "Philadelphia, PA"]
[Date "2003.07.04"]
[Round "1"]
[White "Fedorowicz, John P"]
[Black "Sulskis, Giedrius"]
[Result "1-0"]
[WhiteElo "2602"]
[BlackElo "2312"]
[PlyCount "71"]
[EventDate "2003.??.??"]

1. d4 d5 2. c4 e6 3. Nc3 Nf6 4. cxd5 exd5 5. Bg5 Be7 6. e3 c6 7. Bd3 O-O 8.
Nge2 Nh5 9. Bxe7 Qxe7 10. Qc2 Nf6 11. O-O Nbd7 12. Ng3 Re8 13. a3 Nf8 14. b4
Ng4 15. h3 Nh6 16. Rfe1 Qh4 17. e4 dxe4 18. Ncxe4 Be6 19. Nc5 Bd5 20. Nxb7 Qxd4
21. Rad1 Qh4 22. Nd6 Rxe1+ 23. Rxe1 Rd8 24. Ndf5 Nxf5 25. Nxf5 Qg5 26. Ne7+ Kh8
27. Nxd5 cxd5 28. Qc7 Kg8 29. Re7 Rc8 30. Qxa7 Ne6 31. Bf1 h5 32. Qd7 Rc1 33.
g3 h4 34. Rxf7 hxg3 35. Qxe6 gxf2+ 36. Kxf2 1-0

[Event "World Open: 3-Day"]
[Site "Philadelphia, PA"]
[Date "2003.07.04"]
[Round "1"]
[White "Ginsburg, Mark"]
[Black "Zenyuk, Iryna"]
[Result "1-0"]
[WhiteElo "2432"]
[BlackElo "1939"]
[PlyCount "95"]
[EventDate "2003.??.??"]

1. c4 Nf6 2. Nc3 g6 3. e4 d6 4. d4 Bg7 5. Be2 O-O 6. Bg5 Na6 7. Qc2 e5 8. d5 h6
9. Be3 Ng4 10. Bxg4 Bxg4 11. f3 Bd7 12. Nge2 f5 13. a3 f4 14. Bf2 Bf6 15. O-O-O
Be7 16. Kb1 g5 17. h3 Kg7 18. Nc1 h5 19. Nd3 Nc5 20. Bxc5 dxc5 21. Nxe5 Bf6 22.
Nxd7 Qxd7 23. e5 Bxe5 24. Ne4 Qe7 25. h4 gxh4 26. Qf2 Bd4 27. Qxh4 Qxh4 28.
Rxh4 Kg6 29. Kc2 a6 30. b4 b6 31. Rb1 Rab8 32. Rhh1 cxb4 33. axb4 Kh6 34. Rbd1
Be5 35. Nf2 Bd6 36. Nd3 Rg8 37. Rd2 Kg5 38. Re1 Rbe8 39. Rde2 Rxe2+ 40. Rxe2
Kf5 41. c5 bxc5 42. bxc5 Bf8 43. Kc3 h4 44. Kc4 h3 45. gxh3 Rg3 46. Re5+ Kf6
47. Re8 Bh6 48. d6 1-0

[Event "World Open: 3-Day"]
[Site "Philadelphia, PA"]
[Date "2003.07.04"]
[Round "2"]
[White "Chiong, Luis R"]
[Black "Fedorowicz, John P"]
[Result "1/2-1/2"]
[WhiteElo "2455"]
[BlackElo "2602"]
[PlyCount "42"]
[EventDate "2003.??.??"]

1. d4 Nf6 2. c4 e6 3. Nc3 Bb4 4. e3 c5 5. Bd3 Nc6 6. Nge2 cxd4 7. exd4 d5 8. a3
Bxc3+ 9. bxc3 dxc4 10. Bxc4 h6 11. O-O O-O 12. Ng3 b6 13. Re1 Bb7 14. Nh5 Rc8
15. Bd3 Na5 16. Re3 Nxh5 17. Qxh5 Qd5 18. Qh3 Rxc3 19. Bh7+ Kxh7 20. Rxc3 Qxd4
21. Qd3+ Qxd3 1/2-1/2

[Event "World Open: 3-Day"]
[Site "Philadelphia, PA"]
[Date "2003.07.04"]
[Round "2"]
[White "Gurevich, Dmitry"]
[Black "Ginsburg, Mark"]
[Result "1/2-1/2"]
[WhiteElo "2552"]
[BlackElo "2432"]
[PlyCount "61"]
[EventDate "2003.??.??"]

1. d4 g6 2. e4 Bg7 3. Nf3 d6 4. c4 Bg4 5. Be2 Nc6 6. Be3 e5 7. d5 Bxf3 8. Bxf3
Nd4 9. Bxd4 exd4 10. Nd2 Ne7 11. b4 O-O 12. O-O c5 13. bxc5 dxc5 14. Bg4 f5 15.
exf5 gxf5 16. Bh3 Ng6 17. g3 b5 18. cxb5 Rb8 19. Qb3 Qa5 20. d6+ Kh8 21. Nc4
Qxb5 22. Qxb5 Rxb5 23. Rfe1 Rb7 24. Bg2 Rb4 25. Rac1 Rd8 26. f4 Bf8 27. a3 Ra4
28. Bc6 Ra6 29. Bb5 Raxd6 30. Nxd6 Bxd6 31. Bd3 1/2-1/2

[Event "World Open: 3-Day"]
[Site "Philadelphia, PA"]
[Date "2003.07.04"]
[Round "2"]
[White "Negulescu, Adrian"]
[Black "Yudasin, Leonid G"]
[Result "1/2-1/2"]
[WhiteElo "2421"]
[BlackElo "2692"]
[PlyCount "29"]
[EventDate "2003.??.??"]

1. e4 c5 2. Nf3 d6 3. Bb5+ Nd7 4. d4 Ngf6 5. Nc3 a6 6. Bxd7+ Nxd7 7. O-O e6 8.
dxc5 Nxc5 9. Bf4 Qb6 10. Rb1 Bd7 11. Nd2 Qc6 12. b4 e5 13. Be3 Na4 14. Nxa4
Qxa4 15. Nc4 1/2-1/2

[Event "World Open: 3-Day"]
[Site "Philadelphia, PA"]
[Date "2003.07.04"]
[Round "2"]
[White "Sulskis, Giedrius"]
[Black "Chubinsky, Peter"]
[Result "1-0"]
[WhiteElo "2312"]
[BlackElo "2113"]
[PlyCount "77"]
[EventDate "2003.??.??"]

1. e4 c5 2. f4 e6 3. Nf3 d5 4. Nc3 dxe4 5. Nxe4 Nf6 6. Neg5 h6 7. Nh3 Nc6 8.
Bb5 Bd7 9. O-O Be7 10. b3 Qb6 11. c4 Rd8 12. Bb2 Nd4 13. Bxd7+ Rxd7 14. Nxd4
cxd4 15. d3 O-O 16. Qe2 Bd6 17. Qf3 Rfd8 18. Rae1 Qa5 19. a3 Qf5 20. b4 Bb8 21.
Bc1 b5 22. c5 Nd5 23. g4 Qg6 24. Kh1 Ne3 25. Bxe3 dxe3 26. f5 exf5 27. gxf5 Qf6
28. Rxe3 Qb2 29. Nf2 Be5 30. Ng4 Bd4 31. Re2 Qc3 32. f6 Bxf6 33. Nxf6+ Qxf6 34.
Qxf6 gxf6 35. Rxf6 Kg7 36. Rf3 Rxd3 37. Rxd3 Rxd3 38. Rc2 Rd7 39. Rg2+ 1-0

[Event "World Open: 5-Day"]
[Site "?"]
[Date "2003.07.04"]
[Round "4"]
[White "Langer, Mikhail"]
[Black "Kiriakov, Peter"]
[Result "1/2-1/2"]
[WhiteElo "2267"]
[BlackElo "2603"]
[PlyCount "89"]
[EventDate "2003.07.03"]

1. e4 e6 2. d4 d5 3. Nc3 Nf6 4. e5 Nfd7 5. f4 c5 6. Nf3 a6 7. Be3 Nc6 8. Qd2 b5
9. dxc5 Bxc5 10. Bxc5 Nxc5 11. Qf2 Qb6 12. Bd3 b4 13. Ne2 a5 14. O-O Ba6 15.
Rad1 O-O 16. Kh1 h6 17. f5 Bxd3 18. cxd3 exf5 19. Nf4 Ne7 20. Nh5 Nd7 21. Qg3
Qg6 22. Qh4 Rfe8 23. h3 Rac8 24. Rc1 Qa6 25. Rxc8 Qxc8 26. e6 fxe6 27. Qd4 e5
28. Nxe5 Qc5 29. Qf4 Nf6 30. Nxf6+ gxf6 31. Nf3 Kh7 32. d4 Qc2 33. Nh4 Ng6 34.
Nxg6 Kxg6 35. Qg3+ Kh7 36. Qf4 Re2 37. Rc1 Rf2 38. Qe3 Re2 39. Rxc2 Rxe3 40.
Rc5 Re2 41. Rxd5 Rxb2 42. Rxa5 f4 43. d5 Kg6 44. d6 Rd2 45. Rb5 1/2-1/2

[Event "World Open: 5-Day"]
[Site "Philadelphia, PA"]
[Date "2003.07.04"]
[Round "4"]
[White "Sharafuddin, Khaled"]
[Black "Stripunsky, Alexander"]
[Result "0-1"]
[WhiteElo "2355"]
[BlackElo "2651"]
[PlyCount "74"]
[EventDate "2003.??.??"]

1. e3 d5 2. b3 e5 3. Bb2 Nc6 4. Bb5 f6 5. c4 a6 6. Ba4 Be6 7. Qe2 Kf7 8. Nf3
Nb4 9. O-O dxc4 10. bxc4 Nd3 11. Bc3 Bxc4 12. Ne1 b5 13. Bb3 Bxb3 14. axb3 Nxe1
15. Rxe1 Bd6 16. d4 exd4 17. exd4 Ne7 18. Qe6+ Kf8 19. Nd2 Qc8 20. Qe4 Kf7 21.
Qd3 Re8 22. Ne4 Kg8 23. Nxd6 cxd6 24. Bb4 Qd7 25. h3 Ng6 26. Rxe8+ Rxe8 27.
Rxa6 Nf4 28. Qf3 Qf5 29. h4 Ne2+ 30. Kh2 Qb1 31. g3 Qg1+ 32. Kh3 Nxd4 33. Qg2
Qd1 34. Rxd6 h5 35. Kh2 Qg4 36. Bc3 Nf3+ 37. Kh1 Re2 0-1